<?xml version="1.0" encoding="UTF-8"?><?xml-stylesheet type="text/xsl" href="static/style.xsl"?><OAI-PMH xmlns="http://www.openarchives.org/OAI/2.0/" xmlns:xsi="http://www.w3.org/2001/XMLSchema-instance" xsi:schemaLocation="http://www.openarchives.org/OAI/2.0/ http://www.openarchives.org/OAI/2.0/OAI-PMH.xsd"><responseDate>2026-05-01T23:32:04Z</responseDate><request verb="GetRecord" identifier="oai:repisalud.isciii.es:20.500.12105/26722" metadataPrefix="marc">https://repisalud.isciii.es/rest/oai/request</request><GetRecord><record><header><identifier>oai:repisalud.isciii.es:20.500.12105/26722</identifier><datestamp>2025-12-18T12:56:38Z</datestamp><setSpec>com_20.500.12105_2405</setSpec><setSpec>com_20.500.12105_2403</setSpec><setSpec>col_20.500.12105_2413</setSpec></header><metadata><record xmlns="http://www.loc.gov/MARC21/slim" xmlns:dcterms="http://purl.org/dc/terms/" xmlns:doc="http://www.lyncode.com/xoai" xmlns:xsi="http://www.w3.org/2001/XMLSchema-instance" xsi:schemaLocation="http://www.loc.gov/MARC21/slim http://www.loc.gov/standards/marcxml/schema/MARC21slim.xsd">
   <leader>00925njm 22002777a 4500</leader>
   <datafield ind2=" " ind1=" " tag="042">
      <subfield code="a">dc</subfield>
   </datafield>
   <datafield ind2=" " ind1=" " tag="720">
      <subfield code="a">Ruiz-Paez, Raquel</subfield>
      <subfield code="e">author</subfield>
   </datafield>
   <datafield ind2=" " ind1=" " tag="720">
      <subfield code="a">Linares-Gil, Cristina</subfield>
      <subfield code="e">author</subfield>
   </datafield>
   <datafield ind2=" " ind1=" " tag="720">
      <subfield code="a">Lopez-Bueno, Jose Antonio</subfield>
      <subfield code="e">author</subfield>
   </datafield>
   <datafield ind2=" " ind1=" " tag="720">
      <subfield code="a">Navas-Martin, Miguel Angel</subfield>
      <subfield code="e">author</subfield>
   </datafield>
   <datafield ind2=" " ind1=" " tag="720">
      <subfield code="a">Padron-Monedero, Alicia</subfield>
      <subfield code="e">author</subfield>
   </datafield>
   <datafield ind2=" " ind1=" " tag="720">
      <subfield code="a">Diaz-Jimenez, Julio</subfield>
      <subfield code="e">author</subfield>
   </datafield>
   <datafield ind2=" " ind1=" " tag="260">
      <subfield code="c">2025-06</subfield>
   </datafield>
   <datafield ind2=" " ind1=" " tag="520">
      <subfield code="a">La contaminación del aire ambiente o exterior es un importante problema de salud pública que afecta a la población de todos los países. En 2019, el 99% de la población mundial vivía en lugares donde no se cumplían los niveles de las directrices de calidad del aire de la Organización Mundial de la salud (OMS) estimándose que, de las muertes prematuras a nivel mundial relacionadas con la contaminación del aire exterior, alrededor del 68% se debieron a cardiopatías isquémicas y accidentes cerebrovasculares, el 14% a enfermedades pulmonares obstructivas crónicas, el 14% a infecciones agudas de las vías respiratorias inferiores y el 4% de las muertes se debieron a cánceres de pulmón (WHO, 2024). En España, los principales contaminantes atmosféricos perjudiciales para la salud son el dióxido de nitrógeno (NO2), el ozono troposférico (O3) y el material particulado menor de 2,5 micras (PM2.5) y el menor de 10 micras (PM10) (MITECO, 2023). En esta monografía se considera como Hipótesis que existe un impacto a corto plazo de la contaminación atmosférica química sobre los ingresos hospitalarios diarios urgentes en España, no sólo por causas naturales, circulatorias y respiratorias, sino también por otras causas de ingreso urgente como son las causas neurológicas, por diabetes, por ansiedad y por depresión entre otras. El Objetivo General ha sido Analizar y cuantificar el efecto a corto plazo que la contaminación atmosférica química tiene sobre los ingresos hospitalarios diarios urgentes, no programados, en cada una de las provincias españolas por diferentes causas específicas y valorar su coste económico. Para ello, se ha realizado una recopilación de los artículos publicados por el grupo de investigación autores de esta monografía sobre esta área de trabajo a partir del año 2023.</subfield>
   </datafield>
   <datafield ind1="8" ind2=" " tag="024">
      <subfield code="a">Impacto a corto plazo en España de la contaminación atmosférica sobre los ingresos hospitalarios urgentes por diferentes causas específicas y su estimación económica Edita: Instituto de Salud Carlos III. Ministerio de Ciencia, Innovación y Universidades. Madrid. 2025. Escuela Nacional de Sanidad Unidad de Referencia en Cambio Climático, Salud y Medio Ambiente Urbano</subfield>
   </datafield>
   <datafield ind1="8" ind2=" " tag="024">
      <subfield code="a">156250161</subfield>
   </datafield>
   <datafield ind1="8" ind2=" " tag="024">
      <subfield code="a">https://hdl.handle.net/20.500.12105/26722</subfield>
   </datafield>
   <datafield tag="653" ind2=" " ind1=" ">
      <subfield code="a">Contaminación atmosférica</subfield>
   </datafield>
   <datafield tag="653" ind2=" " ind1=" ">
      <subfield code="a">España</subfield>
   </datafield>
   <datafield tag="653" ind2=" " ind1=" ">
      <subfield code="a">Ingresos hospitalarios urgentes</subfield>
   </datafield>
   <datafield ind2="0" ind1="0" tag="245">
      <subfield code="a">Impacto a corto plazo en España de la contaminación atmosférica sobre los ingresos hospitalarios urgentes por diferentes causas específicas y su estimación económica</subfield>
   </datafield>
</record></metadata></record></GetRecord></OAI-PMH>